[Event "Katowice Silesia 100th Ann op"]
[Site "Katowice"]
[Date "2024.04.28"]
[Round "10"]
[White "Dzierzak, Radoslaw"]
[Black "Raba, Bartosz"]
[Result "0-1"]
[WhiteElo "2212"]
[BlackElo "1817"]
[PlyCount "142"]
[EventDate "2024.04.27"]
[EventType "swiss (rapid)"]
[EventRounds "11"]
[EventCountry "POL"]
[SourceTitle "CB19_2024"]
[SourceDate "2024.05.08"]
[SourceVersion "1"]
[SourceVersionDate "2024.05.08"]
[SourceQuality "1"]

1. e4 c6 2. Nf3 d5 3. Nc3 Bg4 4. d4 e6 5. h3 Bh5 6. Bd3 Nd7 7. Bf4 Bb4 8. Qe2 dxe4 9. Bxe4 Ngf6 10. Bd3 Nd5 11. Bd2 N7f6 12. a3 Bd6 13. g4 Bg6 14. Ne5 Bxd3 15. Qxd3 Nxc3 16. Qxc3 Nd5 17. Qb3 Qc7 18. 0-0-0 0-0-0 19. c4 Nf6 20. Nd3 Ne4 21. Be3 c5 22. f3 cxd4 23. Bxd4 Bf4+ 24. Nxf4 Qxf4+ 25. Kc2 Ng3 26. Be3 Qxf3 27. Rhe1 Qe4+ 28. Kc1 Rxd1+ 29. Rxd1 Ne2+ 30. Kd2 Qf3 31. Kc2 Qe4+ 32. Qd3 Ng3 33. Bxa7 Rd8 34. Qxe4 Nxe4 35. Rxd8+ Kxd8 36. Kd3 Nd6 37. Kd4 Kd7 38. b4 f5 39. b5 fxg4 40. hxg4 e5+ 41. Kd5 e4 42. Bc5 Nf7 43. Kxe4 Ke6 44. Bd4 Nd6+ 45. Kd3 g6 46. a4 h5 47. gxh5 gxh5 48. c5 Nf5 49. Bf2 Kd5 50. a5 Ne7 51. Kc3 Nc8 52. Kb4 Na7 53. Bh4 Nc8 54. Bd8 Na7 55. Bh4 Nc8 56. Bg3 Na7 57. Bf2 Nc8 58. Bg3 Na7 59. Bh4 Nc8 60. Bf2 Ne7 61. Bh4 Nc8 62. a6 bxa6 63. bxa6 Kc6 64. Bd8 Na7 65. Bb6 Nc8 66. Bd8 Na7 67. Be7 Nc8 68. Ka5 Nxe7 69. a7 Kb7 70. Kb5 h4 71. c6+ Nxc6 0-1

[Event "POL-chT U20 2nd League"]
[Site "Szczyrk"]
[Date "2017.07.30"]
[Round "11.34"]
[White "Raba, Bartosz"]
[Black "Syrkiewicz, Michal"]
[Result "1/2-1/2"]
[WhiteElo "1100"]
[BlackElo "1469"]
[PlyCount "100"]
[EventDate "2017.07.22"]
[EventType "team-swiss"]
[EventRounds "11"]
[EventCountry "POL"]
[SourceTitle "EXT 2019"]
[Source "ChessBase"]
[SourceDate "2018.10.10"]
[SourceVersion "1"]
[SourceVersionDate "2018.10.10"]
[SourceQuality "1"]

1. e4 d5 2. exd5 Nf6 3. Nf3 Nxd5 4. d4 g6 5. c4 Nb6 6. Be3 Bg7 7. Bd3 Nc6 8. Be2 0-0 9. 0-0 Bf5 10. h3 Be4 11. Nbd2 Bxf3 12. Nxf3 Qd7 13. Qd2 Rfd8 14. Rfd1 f5 15. b3 Qe8 16. Qe1 Rd7 17. Rac1 Rad8 18. d5 Ne5 19. Ng5 Bh8 20. Ne6 Rb8 21. Bxb6 axb6 22. f4 Nf7 23. c5 bxc5 24. Rxc5 c6 25. dxc6 Rxd1 26. Qxd1 bxc6 27. Kf1 Nd8 28. Nc7 Qf8 29. Bc4+ Kg7 30. Rxc6 Kh6 31. Ne6 Qe8 32. Qe1 Bf6 33. Nxd8 Rxd8 34. Re6 Qd7 35. Re2 Qc7 36. Qc1 Rd4 37. Rf2 Qd6 38. Be2 Rd2 39. Bf3 Qd3+ 40. Be2 Qd6 41. a4 Rb2 42. Bc4 Rxf2+ 43. Kxf2 Qd4+ 44. Qe3 Qb2+ 45. Kf3 Bd4 46. Qe2 Qc3+ 47. Qd3 Qb2 48. Qe2 Qc3+ 49. Qd3 Qb2 50. Qe2 Qc3+ 1/2-1/2

[Event "POL-chT U20 2nd League"]
[Site "Szczyrk"]
[Date "2017.07.27"]
[Round "8.28"]
[White "Raba, Bartosz"]
[Black "Seemann, Jakub"]
[Result "0-1"]
[WhiteElo "1100"]
[BlackElo "1339"]
[PlyCount "46"]
[EventDate "2017.07.22"]
[EventType "team-swiss"]
[EventRounds "11"]
[EventCountry "POL"]
[SourceTitle "EXT 2019"]
[Source "ChessBase"]
[SourceDate "2018.10.10"]
[SourceVersion "1"]
[SourceVersionDate "2018.10.10"]
[SourceQuality "1"]

1. e4 e5 2. Nf3 Nc6 3. d4 exd4 4. Bc4 Nf6 5. e5 d5 6. Bb5 Ne4 7. Nxd4 Bd7 8. Bxc6 bxc6 9. 0-0 Bc5 10. f3 Ng5 11. f4 Ne4 12. Be3 0-0 13. Nd2 Nxd2 14. Qxd2 Bb6 15. Qf2 c5 16. Nb3 d4 17. Bd2 Bb5 18. Rfd1 c4 19. Qg3 cxb3 20. cxb3 f6 21. e6 Qd6 22. f5 d3+ 23. Kf1 Qc5 0-1